| 000 | 00862cam a2200241 a 4500 | ||
|---|---|---|---|
| 005 | 20191224042241.0 | ||
| 008 | 980202r19451955ag r 00010 spa d | ||
| 040 |
_aCO-BoBLA _cCO-BoBLA _dCo-BoIAvH |
||
| 041 | 1 |
_aspa _hfre |
|
| 082 | 0 | 4 |
_a595.747 _bM18v |
| 100 | 1 |
_aMaeterlinck, Maurice, _d1862-1949. |
|
| 245 | 1 | 3 |
_aLa vida de los termes : _b(comejenes u hormigas blancas) / _cMauricio Maeterlinck ; traducción del francés por Teodosio Leal y Quiroga. |
| 250 | _aSegunda edición. | ||
| 260 |
_aBuenos Aires : _bEspasa-Calpe, _c1945. |
||
| 300 |
_a151 páginas ; _c18 centímetros. |
||
| 490 |
_aColección Austral, _v385 |
||
| 504 | _aIncluye bibliografía. | ||
| 650 | 6 | _aComején. | |
| 650 | 6 | _aHormigas. | |
| 650 | 6 | _aEntomología. | |
| 700 | 1 |
_aLeal y Quiroga, Teodosio, _etraductor |
|
| 942 |
_2ddc _cLIBRO |
||
| 999 |
_c18231 _d18231 |
||